| 000 | 00489 a2200193 4500 | ||
|---|---|---|---|
| 005 | 20260423141723.0 | ||
| 008 | 260423b |||||||| |||| 00| 0 eng d | ||
| 020 |
_a9781350355361 _c£ 29.99 |
||
| 040 | _aMAIN | ||
| 082 |
_a425 _bA76E(6) |
||
| 100 | _aAarts, Bas | ||
| 245 | _aEnglish syntax and argumentation | ||
| 250 | _a6th | ||
| 260 |
_bBloomberry Academic _aNew Delhi _c2024 |
||
| 300 | _aviii, 391 | ||
| 650 | _aEnglish Language | ||
| 650 | _aEnglish Grammar | ||
| 942 | _cBK | ||
| 999 |
_c396439 _d396439 |
||